| 000 | 00662nam a22001937a 4500 | ||
|---|---|---|---|
| 005 | 20100731113144.0 | ||
| 010 | _aENG-97037 | ||
| 020 |
_a8170288916 _c150.00 |
||
| 035 | _aEN-80570 | ||
| 037 | _bDBAD/PUB | ||
| 082 | _a921 | ||
| 100 |
_aJohri, Meera _93840 |
||
| 245 |
_aWomen in power: _bprofiles of women Presidents and Prime Ministers of the world / _cby Meera Johri |
||
| 260 |
_aNew Delhi _bRajpal & Sons |
||
| 270 |
_aKashmere Gate _bDelhi _e110006 |
||
| 300 |
_a197p. _c22cm (pbk) |
||
| 942 |
_2ddc _cEN _h921 _mJOH |
||
| 999 |
_c38377 _d38377 |
||